Giao lưu và cố kết cộng đồng trong nghi lễ cúng đình ở xã Tân Chánh, huyện Cần Đước, tỉnh Long An /

Spremljeno u:
Bibliografski detalji
Glavni autor: Ngô Thị Phương Lan.
Format: Članak
Jezik:Vietnamese
Teme:
Oznake: Dodaj oznaku
Bez oznaka, Budi prvi tko označuje ovaj zapis!
Thư viện lưu trữ: Thư viện Trường Đại học Đà Lạt
LEADER 00853nam a2200277 4500
001 DLU190193287
005 ##20191107
040 # # |a DLU  |b vie 
041 # # |a vie 
044 # # |a vn 
100 # # |a Ngô Thị Phương Lan. 
245 # # |a Giao lưu và cố kết cộng đồng trong nghi lễ cúng đình ở xã Tân Chánh, huyện Cần Đước, tỉnh Long An /  |c Ngô Thị Phương Lan. 
653 # # |a Cúng đình  
653 # # |a Cộng đồng 
653 # # |a Long An 
653 # # |a Nghi lễ  
773 # # |t Nghiên cứu Tôn giáo  |g Số 7(163), 2017, tr. 88-101 
920 # # |a Phòng Tạp chí -- Trung tâm Thông tin - Thư viện Trường Đại học Đà Lạt 
994 # # |a DLU 
900 # # |a True 
911 # # |a Hoàng Thị Huyền 
925 # # |a G 
926 # # |a A 
927 # # |a BB 
980 # # |a Thư viện Trường Đại học Đà Lạt